| 000 | 01424nam a2200361 c 4500 | ||
|---|---|---|---|
| 003 | BLK | ||
| 005 | 20240803132409.0 | ||
| 008 | 180411b bul|||||r ||||||| ||bul|| | ||
| 010 | _aKNG00186962000 | ||
| 020 |
_a978-954-9535-81-5 _bиздат.: Вакон |
||
| 040 | _aBLK | ||
| 041 |
_aBUL _cBUL |
||
| 072 | 7 |
_2bullib _aН84 _xБългарска художествена литература Н |
|
| 080 |
_aБългарска литература _b821.163.2 _x-992 _z821.163.2-992 |
||
| 100 | 1 |
_aСтоянов, Вячеслав _eпърви автор _9341316 |
|
| 139 |
_aСтоянов, Вячеслав _bС 83 |
||
| 245 | 1 | 0 |
_aЕкспедиция REcycle _bОбиколка на Черно море с колело, 6000 км за 45 дни _cВячеслав Стоянов. |
| 257 | _aBGR | ||
| 260 |
_аСофия _bВакон _c2014 _fСофия : Алианс принт |
||
| 300 |
_a232 с. _bс ил., портр. _c21 см |
||
| 380 | _aX | ||
| 490 | 1 | _aПътешествия и приключения | |
| 500 | _aБиогр. данни за авт. | ||
| 651 | 4 |
_aЧерноморие _9260379 |
|
| 653 | _aпътеводители | ||
| 659 | _aН | ||
| 852 | _aЦб 279848 | ||
| 856 | 4 |
_qpdf _u |
|
| 856 | 4 |
_qpdf _u |
|
| 942 |
_cKNG _n0 _03 |
||
| 944 |
_aCR _c09.03.2016 _lМоника Янева _k30570 |
||
| 944 |
_aED _c12.01.2017 _lф / _kЛюдмила_Стоянова |
||
| 999 |
_c178257 _d178257 |
||